| 000 | 01063cam a22002657a 4500 | ||
|---|---|---|---|
| 001 | 17188862 | ||
| 005 | 20150318124839.0 | ||
| 008 | 120229s2012 nyuad b 001 0 eng | ||
| 010 | _a 2012002000 | ||
| 020 | _a9781614707981 | ||
| 040 |
_aDLC _cDLC |
||
| 082 | 0 | 0 |
_a621.042 _bREN _222 |
| 245 | 0 | 0 |
_aRenewable energy applications in power systems / _cedit by Jizhong Zhu. |
| 260 |
_aNew York : _bNova Science Publishers, Inc, _cc.2012. |
||
| 300 |
_aix, 208 p. : _bill. ; _c26 cm. |
||
| 500 | _aIncludes bibliographical refernces and index. | ||
| 650 | 0 |
_aElectric power production. _93759 |
|
| 650 | 0 | _aRenewable energy sources. | |
| 653 |
_bENGMEC _cMarch2015 |
||
| 655 |
_vreading book _934232 |
||
| 700 | 1 |
_aZhu, Jizhong, _d1961- |
|
| 906 |
_a7 _bcbc _corignew _d1 _eecip _f20 _gy-gencatlg |
||
| 942 |
_2ddc _k621.042 REN |
||
| 999 |
_c19063 _d19035 |
||